Realizácia výskumných projektov na katedre matematiky

Salvato in:
Dettagli Bibliografici
Autore principale: Peller, František
Natura: Capitolo di libro
Lingua:slovacco
Soggetti:
Tags: Aggiungi Tag
Nessun Tag, puoi essere il primo ad aggiungerne!!

MARC

LEADER 00000naa$a2200000$$$4500
001 0078861
005 20240502071913.6
041 0 |a slo 
044 |a SK 
245 1 0 |a Realizácia výskumných projektov na katedre matematiky  |c František Peller 
500 |a Abstrakt 
610 2 0 |a výskum 
610 2 0 |a práce výskumné 
610 2 0 |a projekty 
610 2 0 |a univerzity 
610 2 0 |a matematika 
100 1 |a Peller, František